Rendering in SketchUp : (Record no. 7610)

000 -LEADER
fixed length control field 00720cam a2200205 i 4500
003 - CONTROL NUMBER IDENTIFIER
control field OSt
005 - DATE AND TIME OF LATEST TRANSACTION
control field 20200317102624.0
008 - FIXED-LENGTH DATA ELEMENTS--GENERAL INFORMATION
fixed length control field 120629t20132013njua 001 0 eng
020 ## - INTERNATIONAL STANDARD BOOK NUMBER
International Standard Book Number 9780470642191 (pbk.)
082 00 - DEWEY DECIMAL CLASSIFICATION NUMBER
Classification number 720.28
Edition number 23
Item number TAL
100 1# - MAIN ENTRY--PERSONAL NAME
Personal name Tal, Daniel,
Dates associated with a name 1971-
245 10 - TITLE STATEMENT
Title Rendering in SketchUp :
Remainder of title from modeling to presentation for architecture, landscape architecture, and interior design /
Statement of responsibility, etc Daniel Tal.
300 ## - PHYSICAL DESCRIPTION
Extent xii, 628 pages :
Other physical details illustrations ;
Dimensions 24 cm
500 ## - GENERAL NOTE
General note Includes index.
630 00 - SUBJECT ADDED ENTRY--UNIFORM TITLE
Uniform title SketchUp.
650 #0 - SUBJECT ADDED ENTRY--TOPICAL TERM
Topical term or geographic name as entry element Architectural design
General subdivision Data processing.
650 #0 - SUBJECT ADDED ENTRY--TOPICAL TERM
Topical term or geographic name as entry element Landscape architectural drawing
General subdivision Data processing.
650 #0 - SUBJECT ADDED ENTRY--TOPICAL TERM
Topical term or geographic name as entry element Interior decoration
General subdivision Computer-aided design.
942 ## - ADDED ENTRY ELEMENTS (KOHA)
Source of classification or shelving scheme
Holdings
Withdrawn status Lost status Source of classification or shelving scheme Damaged status Koha normalized classification for sorting Not for loan Permanent location Current location Date acquired Full call number Barcode Date last seen Price effective from Koha item type
        720_280000000000000_TAL   BMS College of Architecture, Design and Planning BMS College of Architecture, Design and Planning 2020-03-17 720.28 TAL AR-UG1381 2020-03-17 2020-03-17 UG Books
Copyright © 2025, The Librarian, Library and Information Centre, BMSCA D&P, Bengaluru. All Rights Reserved
web counter

Powered by Koha